<?xml version="1.0" encoding="UTF-8"?><?xml-stylesheet type="text/xsl" href="static/style.xsl"?><OAI-PMH xmlns="http://www.openarchives.org/OAI/2.0/" xmlns:xsi="http://www.w3.org/2001/XMLSchema-instance" xsi:schemaLocation="http://www.openarchives.org/OAI/2.0/ http://www.openarchives.org/OAI/2.0/OAI-PMH.xsd"><responseDate>2026-04-28T19:49:08Z</responseDate><request verb="GetRecord" identifier="oai:uvadoc.uva.es:10324/7304" metadataPrefix="marc">https://uvadoc.uva.es/oai/request</request><GetRecord><record><header><identifier>oai:uvadoc.uva.es:10324/7304</identifier><datestamp>2021-06-18T09:37:23Z</datestamp><setSpec>com_10324_38</setSpec><setSpec>col_10324_787</setSpec></header><metadata><record xmlns="http://www.loc.gov/MARC21/slim" xmlns:doc="http://www.lyncode.com/xoai" xmlns:xsi="http://www.w3.org/2001/XMLSchema-instance" xmlns:dcterms="http://purl.org/dc/terms/" xsi:schemaLocation="http://www.loc.gov/MARC21/slim http://www.loc.gov/standards/marcxml/schema/MARC21slim.xsd">
<leader>00925njm 22002777a 4500</leader>
<datafield tag="042" ind1=" " ind2=" ">
<subfield code="a">dc</subfield>
</datafield>
<datafield tag="720" ind1=" " ind2=" ">
<subfield code="a">Seseña Hidalgo, María José</subfield>
<subfield code="e">author</subfield>
</datafield>
<datafield tag="260" ind1=" " ind2=" ">
<subfield code="c">2014</subfield>
</datafield>
<datafield tag="520" ind1=" " ind2=" ">
<subfield code="a">Una visión normal, es aquella que permite obtener una&#xd;
imagen de forma clara y nítida a diferentes distancias y en&#xd;
diferentes situaciones.&#xd;
La función visual se realiza gracias a las propiedades que&#xd;
cada uno de los elementos estructurales del ojo y sus anexos&#xd;
aportan en la realización de la misma.&#xd;
Cuando un trastorno visual provoca una pérdida de la visión,&#xd;
es frecuente que se alteren varias funciones diferentes al mismo&#xd;
tiempo: la agudeza visual y el campo visual, la sensibilidad al&#xd;
contraste, la visión de los colores, la adaptación a los cambios de&#xd;
iluminación, el control del deslumbramiento, la percepción de la&#xd;
profundidad y otras pueden disminuir o producir interferencias de&#xd;
manera simultánea.&#xd;
Sin embargo, la discapacidad que pueda producir dependerá&#xd;
no sólo de la enfermedad ocular, sino también de las características&#xd;
individuales de cada persona. Así pues, para evaluar el alcance de&#xd;
la discapacidad resultante de la deficiencia visual, deberán tenerse&#xd;
en cuenta los factores psicológicos y sociales. (Bailey, 1997)</subfield>
</datafield>
<datafield tag="024" ind2=" " ind1="8">
<subfield code="a">http://uvadoc.uva.es/handle/10324/7304</subfield>
</datafield>
<datafield ind1=" " ind2=" " tag="653">
<subfield code="a">Deficientes visuales - Diagnóstico</subfield>
</datafield>
<datafield tag="245" ind1="0" ind2="0">
<subfield code="a">Efectos de los filtros selectivos en el uso del telescopio manual en baja visión</subfield>
</datafield>
</record></metadata></record></GetRecord></OAI-PMH>